00448nam a2200181Ia 4500003000900000005001700009008003700026040003300063041000800096080001300104100002000117245002500137260002900162300001900191650002000210650002500230650001100255LK-CoDNM20240926145654.0010623t xxu||||| |||| 00| 1 eng d aLK-CoDNMdLK-CoDNMeLK-CoDNM aeng a24 bG23 aGrenier,Joseph. aLeaves from my Life. bTimes of CeylonaColombo b294p. : 22 cm aGrenier,Joseph. aLeaves from my Life. a24 G23